| 000 | 00362nam a22001217a 4500 | ||
|---|---|---|---|
| 999 |
_c3312 _d3312 |
||
| 005 | 20201124125456.0 | ||
| 008 | 201124b ||||| |||| 00| 0 eng d | ||
| 020 | _a0852555962 | ||
| 040 | _cCML | ||
| 245 |
_aAfrica Theastre Women. _cPlastow J. |
||
| 260 |
_aGermany. _bWitwatersrand University. _c2002 |
||
| 942 |
_2ddc _cBK _e1`st Edition _h938.9 _mBAN |
||